LEADER 03554oam 2200709I 450 001 9910777327203321 005 20230422042934.0 010 $a1-134-60763-6 010 $a1-134-60764-4 010 $a1-280-22474-6 010 $a9786610224746 010 $a0-203-99230-X 024 7 $a10.4324/9780203992302 035 $a(CKB)1000000000002317 035 $a(EBL)243164 035 $a(OCoLC)475963147 035 $a(SSID)ssj0000142386 035 $a(PQKBManifestationID)11148412 035 $a(PQKBTitleCode)TC0000142386 035 $a(PQKBWorkID)10096221 035 $a(PQKB)10494545 035 $a(MiAaPQ)EBC243164 035 $a(OCoLC)51036161 035 $a(EXLCZ)991000000000002317 100 $a20180331d2000 uy 0 101 0 $aeng 135 $aur|n|---||||| 181 $ctxt 182 $cc 183 $acr 200 00$aEarly modern witches $ewitchcraft cases in contemporary writing /$f[compiled by] Marion Gibson 210 1$aLondon ;$aNew York :$cRoutledge,$d2000. 215 $a1 online resource (353 p.) 300 $aDescription based upon print version of record. 311 $a0-415-21580-3 311 $a0-415-21579-X 320 $aIncludes bibliographical references (pages 316-322) and index. 327 $aBook Cover; Title; Copyright; Contents; Acknowledgements; Editions used; Editorial practice; Sources for students; Introduction; 1 The Examination and Confession of certaine Wytches (1566); 2 The Examination of John Walsh (1566); 3 A Rehearsall both straung and true (1579); 4 A Detection of damnable driftes (1579); 5 Richard Galis, A brief treatise (1579); 6 W.W., A true and just Recorde (1582); 7 The severall factes of Witch-crafte (1585); 8 The Apprehension and confession of three notorious Witches (1589); 9 A Most Wicked worke of a wretched Witch (1592) 327 $a10 'A memoriall of certaine most notorious witches' (1595)11 'The severall practises of Johane Harrison and her daughter' (1606); 12 The Witches of Northamptonshire (1612); 13 Thomas Potts, The Wonderfull Discoverie of Witches (1612); 14 Witches Apprehended (1613); 15 The Wonderful Discovery of the Witchcrafts of Margaret and Phillip Flower (1619); 16 Henry Goodcole, The wonderfull discoverie of Elizabeth Sawyer, a Witch (1621); Bibliography and further reading; Index 330 $aThis collection of pamphlets describes fifteen English witchcraft cases in detail, vividly recreating events to give the reader the illusion of actually being present at witchcraft accusations, trials and hangings. But how much are we victims of literary manipulation by these texts? The pamphlets are presented in annotated format, to allow the reader to decide. Some of the texts appear in print for the first time in three centuries, whilst others are newly edited to give a clearer picture of sources. 606 $a16th century 606 $a17th century 606 $aEngland 606 $aHistory 606 $aWitchcraft 606 $aWitchcraft - England - History - 16th century - Sources 615 4$a16th century. 615 4$a17th century. 615 4$aEngland. 615 4$aHistory. 615 4$aWitchcraft. 615 4$aWitchcraft - England - History - 16th century - Sources. 676 $a133.430942 676 $a133.43094209031 701 $aGibson$b Marion$f1970-$0911901 801 0$bAU-PeEL 801 1$bAU-PeEL 801 2$bAU-PeEL 906 $aBOOK 912 $a9910777327203321 996 $aEarly modern witches$93849947 997 $aUNINA LEADER 03295nam 22006135 450 001 9910253992103321 005 20251202143651.0 010 $a3-319-28540-8 024 7 $a10.1007/978-3-319-28540-5 035 $a(CKB)3710000000887229 035 $a(DE-He213)978-3-319-28540-5 035 $a(MiAaPQ)EBC4707897 035 $a(PPN)196319366 035 $a(EXLCZ)993710000000887229 100 $a20161001d2016 u| 0 101 0 $aeng 135 $aurnn#008mamaa 181 $ctxt$2rdacontent 182 $cc$2rdamedia 183 $acr$2rdacarrier 200 10$aSustainability Improvements in the Concrete Industry $eUse of Recycled Materials for Structural Concrete Production /$fby Carlo Pellegrino, Flora Faleschini 205 $a1st ed. 2016. 210 1$aCham :$cSpringer International Publishing :$cImprint: Springer,$d2016. 215 $a1 online resource (XIV, 175 p. 52 illus., 38 illus. in color.) 225 1 $aGreen Energy and Technology,$x1865-3537 311 08$a3-319-28538-6 320 $aIncludes bibliographical references at the end of each chapters. 327 $aObjectives of the Book -- Construction and Demolition Waste -- Workability and rheology of fresh recycled aggregate concrete -- Electric Arc Furnace slag Concrete -- Sustainability of recycled concretes through life cycle assessment -- Experimental database of EAF slag use in concrete. 330 $aThis book examines state-of-the-art techniques for using recycled materials for structural concrete production, and explores the use of concrete with metallurgical slag, rheology of fresh recycled concrete, and life-cycle analysis of building materials. It reviews recent codes, guidelines and practices for using recycled materials in structural concrete application, and presents research recently carried out by the authors. Focusing on techniques for limiting environmental impacts of the concrete industry, it also explores the use of recycled components in the place of virgin aggregates and ordinary binders. Chapters examine topics including processing procedures, mixture proportioning, mechanical properties, durability and structural applications. Providing a valuable resource to engineering postgraduates and researchers, this book is also intended for civil engineers, geologists, concrete engineers. 410 0$aGreen Energy and Technology,$x1865-3537 606 $aRenewable energy sources 606 $aBuilding materials 606 $aSustainability 606 $aRenewable Energy 606 $aBuilding Materials 606 $aSustainability 606 $aStructural Materials 615 0$aRenewable energy sources. 615 0$aBuilding materials. 615 0$aSustainability. 615 14$aRenewable Energy. 615 24$aBuilding Materials. 615 24$aSustainability. 615 24$aStructural Materials. 676 $a666.893 700 $aPellegrino$b Carlo$c(College teacher)$4aut$4http://id.loc.gov/vocabulary/relators/aut$0210759 702 $aFaleschini$b Flora$4aut$4http://id.loc.gov/vocabulary/relators/aut 801 0$bMiAaPQ 801 1$bMiAaPQ 801 2$bMiAaPQ 906 $aBOOK 912 $a9910253992103321 996 $aSustainability Improvements in the Concrete Industry$92294368 997 $aUNINA